Olympic Gold Medalists in Handball (WOMEN) - Statistics

General Stats
  • This quiz has been taken 23 times
  • The average score is 8 of 13
Answer Stats
Year Gold % Correct
2024 Norway
100%
2021 France
95%
2012 Norway
84%
2008 Norway
79%
2004 Denmark
68%
2000 Denmark
63%
2016 Russia
63%
1996 Denmark
53%
1992 South Korea
42%
1980 Soviet Union
42%
1976 Soviet Union
42%
1984 Yugoslavia
37%
1988 South Korea
32%
No matching quizzes found
Score Distribution
Percent of People with Each Score
Percentile by Number Answered
Your Score History
You have not taken this quiz